وقائع عربية : (Record no. 30866)

MARC details
000 -الفاتح
حقل البيانات ثابتة الطول 01066nam a22002895a 4500
003 - محدد رقم الضبط
رقم الضبط EG-ScBUE
005 - وقت وتاريخ اخر تعامل مع التسجيلة
رقم الضبط 20250206120803.0
008 - عناصر البيانات ثابتة الطول - معلومات عامة
حقل البيانات ثابتة الطول 170705s2024 ua f 000 j ara d
017 ## - رقم الإيداع القانونى
رقم الإيداع القانونى 2021 / 10033
020 ## - الرقم الدولى المعيارى للكتب
الرقم الدولى المعيارى للكتاب 9789770936894
040 ## - مصدر الفهرسة
وكالة الفهرسة الأصلية EG-ScBUE
لغة الفهرسة ara
قواعد الوصف rda
وكالة النسخ EG-ScBUE
وكالة التعديل EG-ScBUE
082 04 - رقم تصنيف ديوى العشرى
رقم الطبعة 22
رقم التصنيف 892.737
رقم المادة ق ن د
100 1# - المدخل الرئيسى - إسم شخصى
الإسم الشخصى قنديل، محمد المنسي،
الدور مؤلف.
9 (RLIN) 28133
245 10 - بيان العنوان
العنوان وقائع عربية :
بقية العنوان حكايات كثيرة من الزمن العربي /
بيان المسئوليه,etc محمد المنسي قنديل.
250 ## - بيان الطبعة
بيان الطبعة الطبعة الرابعة.
264 #1 - النشر، التوزيع
مكان الناشر او الموزع القاهرة :
اسم الناشر او الموزع دار الشروق،
تاريخ النشر أو التوزيع 2024.
300 ## - الوصف المادى
التعداد 500 صفحة ؛
أبعاد الوعاء 24 سم
336 ## - نوع المحتوى
source rdacontent
Carrier Type Term نص
Content Type Code txt
337 ## - نوع الوسيط
source rdamedia
Media Type Term بدون وسيط
Media Type Code n
338 ## - نوع الحامل أو الناقل
source rdacarrier
Carrier Type Term مجلد
Carrier Type Code nc
541 ## - تبصرة المصدر المباشر للتزويد
مصدر التزويد Book Fair 2025.
650 #7 - المدخل الاضافى بالموضوع-مصطلح موضوعى
مصطلح موضوعي أو اسم جغرافي كعنصر مدخل القصص التاريخية العربية
التقسيم الفرعي الجغرافي مصر
التقسيم الفرعي الزمني قرن 21.
مصدر الرأس أو المصطلح BUEsh
651 #7 - المدخل الاضافى بالموضوع - اسم جغرافى
مصدر الرأس أو المصطلح BUEsh
الاسم الجغرافي البلاد العربية
التقسيم الفرعي العام تاريخ
التقسيم الفرعي الشكلي قصص.
653 ## - مصطلح تكشيفى غير مقيد
Resource For college Arabic Literature
Arrived date list February2025
655 ## - مصطلح تكشيفى-نوع/شكل
التقسيم الفرعي الشكلي Reading book
942 ## - عناصر المدخل الإضافي( كوها)
مصدر التصنيف او مخطط الترفيف Dewey Decimal Classification
Holdings
حالة التراجع حالة الفقد مصدر التصنيف او خطة الترفيف حالة تلف ليس للاعارة مجموعات كوها المكان الدائم المكان الحالي موقع الترفيف تاريخ الاكتساب Source of acquisition سعر الشراء الطبيعي تعداد مسلسل / التسلسل الزمني رقم الاستدعاء الباركود Date last checked out Date last seen مُعار التكلفة نوع الوعاء
    Dewey Decimal Classification     Dar Al shrok Central Library Central Library Second Floor 06/02/2025 Purchase 325.00 1 892.737 ق ن د 000057227 26/05/2026 16/11/2025 16/11/2025 406.00 Book - Borrowing